000 01268cab a2200193 4500
001 ##L131124
008 051003n2005 000 0 eng u
035 _a(Sirsi) u131124
041 0 _aeng
100 1 _aCraglia, Max
245 0 0 _aINSPIRE
_b an example of participative policy-making in Europe
_bopenness, participation and transparency
260 3 _c2005
490 0 _aGeo Informatics
_v(6) September 2005, 43-47(3)
520 _aReports on INSPIRE, the proposed European directive seeking to establish the legal framework for setting up and operating an infrastructure for spatial information in Europe. INSPIRE's first target is in relation to environmental policies but it will go on to benefit other sectors such as agriculture, transport and energy. Explains why INSPIRE is needed. Describes the principles around which INSPIRE is articulated, the process put in place by the European Commission to develop INSPIRE with its openness, participation and transparency as a model for European policy-making and lists the participants in the programme.
690 _aENVIRONMENTAL AND LAND CONSULTANCY-GEOMATICS-GEOGRAPHIC INFORMATION SCIENCE-SPATIAL DATA AND METADATA MANAGEMENT
700 1 _aFullerton, Karen
700 1 _aAnnoni, Alessandro
942 _n0
999 _c75954
_d75954